Name All Lana Del Rey Songs From 'Lust For Life' - Statistics

General Stats
  • This quiz has been taken 14 times
  • The average score is 12 of 16
Answer Stats
Answers: % Correct
Cherry
100%
Lust for Life
100%
Summer Bummer
100%
White Mustang
100%
13 Beaches
80%
Beautiful People Beautiful Problems
80%
Change
80%
Get Free
80%
Groupie Love
80%
Heroin
80%
Love
80%
In My Feelings
60%
Tomorrow Never Came
60%
When The World Was At War We Kept Dancing
60%
Coachella - Woodstock In My Mind
40%
God Bless America - And All The Beautiful Women In It
40%
No matching quizzes found
Score Distribution
Percent of People with Each Score
Percentile by Number Answered
Your Score History
You have not taken this quiz